| 000 | 00751cam a22002533a 4500 | ||
|---|---|---|---|
| 001 | 10725 | ||
| 003 | PGUSA | ||
| 005 | 20140828083228.0 | ||
| 008 | 040101s2004||||xxu|||||s|||||000 | eng d | ||
| 040 |
_aPGUSA _beng |
||
| 042 | _adc | ||
| 050 | 4 | _aHD | |
| 100 | 1 |
_aChaplin, Ralph, _d1887-1961 |
|
| 245 | 1 | 4 |
_aThe Centralia Conspiracy _h[electronic resource] / _cRalph Chaplin |
| 260 |
_bProject Gutenberg, _c2004 |
||
| 506 | _aPublic domain in the USA. | ||
| 516 | _aElectronic text | ||
| 653 | _aIndustrial Workers of the World | ||
| 653 | _aCentralia Massacre, Centralia, Wash., 1919 | ||
| 653 | _aLumber trade -- Washington (State) | ||
| 830 | 0 |
_aProject Gutenberg _v10725 |
|
| 856 | 4 | 0 | _uhttp://www.gutenberg.org/ebooks/10725 |
| 942 | _cEB | ||
| 999 |
_c239980 _d239980 |
||